000 00555nam a2200193 i 4500
001 35072
003 ES-MaACL
005 20230906155041.0
007 t|
008 030211s1909 fr ||||1| fre d
100 1 _aBoquet, F.
_930343
245 1 4 _aLes observations meridiennes
_b: theory et pratique /
_cF. Boquet.
260 _a[S.l. :
_bs.n.,
_c1909] (
_eTours :
_fMame)
300 _a2 v. ;
_c18 cm.
490 1 _aEncyclopédie scientifique
830 0 _aEncyclopédie scientifique
_9180883
852 _aES-MaACL
_jD-4415-16
999 _c35072
_d35072